000 01123nam a22002897a 4500
999 _c115730
_d115730
003 dpl
005 20190211132346.0
008 190211b ||||| |||| 00| 0 eng d
010 _aB-048253
020 _c150.00
035 _aB-048253, B-048257
037 _bCen Lib/Ret
040 _aDPL
_bHN
_c0
082 _a
_bठक्कर
100 _aठक्कर , अनिल
_962946
245 _aगर्म बर्फ /
_cअनिल ठक्कर
246 _aGarm barf
_bby Anil Thakkar
260 _aनई दिल्ली
_bमित्तल बुक एजेंसी
_c2001
270 _a3072/5, गोला मार्किट गोलचा सिनेमा के पीछे दरिया गंज
_bनई दिल्ली
_e110002
300 _a112पृष्ठ.
_c20सेमी(सजिल्द)
500 _a
650 _aहिंदी साहित्य
_962947
650 _aहिंदी कहानी
_962948
650 _ahindi literature
_962949
650 _aHindi Story
_943117
942 _2ddc
_cHN
_h
_mठक्कर